[Event "SVK-ch U18"]
[Site "Brezova pod Bradlom"]
[Date "2006.03.07"]
[Round "4"]
[White "Farkas, Gabor"]
[Black "Bozik, Branislav"]
[Result "1-0"]
[WhiteElo "2212"]
[BlackElo "1350"]
[PlyCount "56"]
[EventDate "2006.03.05"]
[EventType "swiss"]
[EventRounds "9"]
[EventCountry "SVK"]
[SourceTitle "EXT 2008"]
[Source "ChessBase"]
[SourceDate "2007.11.25"]
[SourceVersion "1"]
[SourceVersionDate "2007.11.25"]
[SourceQuality "1"]

1. e4 e5 2. f4 Nc6 3. Nf3 d6 4. Bc4 Be7 5. 0-0 Bg4 6. c3 exf4 7. d4 Nf6 8. Qd3 0-0 9. Bxf4 d5 10. exd5 Nxd5 11. Bxd5 Qxd5 12. Bxc7 Bd6 13. Bxd6 Qxd6 14. Nbd2 Rfe8 15. Ng5 Qg6 16. Qxg6 fxg6 17. Rfe1 b6 18. Ndf3 Rxe1+ 19. Rxe1 Rf8 20. h3 Bxf3 21. Nxf3 a6 22. Ne5 Nxe5 23. Rxe5 Rf5 24. Re7 Rf7 25. Rxf7 Kxf7 26. Kf2 Ke6 27. Ke3 Kd5 28. b3 b5 1-0

[Event "SVK-ch U18"]
[Site "Brezova pod Bradlom"]
[Date "2006.03.07"]
[Round "5"]
[White "Klamar, Maros"]
[Black "Bozik, Branislav"]
[Result "1-0"]
[WhiteElo "1569"]
[BlackElo "1350"]
[PlyCount "77"]
[EventDate "2006.03.05"]
[EventType "swiss"]
[EventRounds "9"]
[EventCountry "SVK"]
[SourceTitle "EXT 2008"]
[Source "ChessBase"]
[SourceDate "2007.11.25"]
[SourceVersion "1"]
[SourceVersionDate "2007.11.25"]
[SourceQuality "1"]

1. e4 e5 2. Nf3 Nc6 3. Bb5 d6 4. d4 Bd7 5. 0-0 Nf6 6. Bg5 Be7 7. Re1 exd4 8. Nxd4 Nxd4 9. Bxd7+ Qxd7 10. Qxd4 h6 11. Bh4 0-0 12. Nc3 Rfe8 13. Rad1 Ng4 14. Bxe7 Rxe7 15. h3 Ne5 16. f4 Nc6 17. Qd3 Rd8 18. a3 a6 19. Qf3 Ree8 20. g4 Qe6 21. Nd5 Ne7 22. Nxc7 Qc4 23. Nxe8 Rxe8 24. c3 Nc6 25. Qd3 Qc5+ 26. Kg2 Rd8 27. b4 Qb6 28. Qe3 Qc7 29. a4 b5 30. a5 Qe7 31. Rd3 f6 32. Red1 Qe6 33. Kg3 g6 34. f5 Qe5+ 35. Qf4 Qxf4+ 36. Kxf4 g5+ 37. Kg3 Ne5 38. Rxd6 Rxd6 39. Rxd6 1-0

[Event "SVK-ch U18"]
[Site "Brezova pod Bradlom"]
[Date "2006.03.05"]
[Round "1"]
[White "Bozik, Branislav"]
[Black "Zavacky, Peter"]
[Result "0-1"]
[WhiteElo "1350"]
[BlackElo "2096"]
[PlyCount "90"]
[EventDate "2006.03.05"]
[EventType "swiss"]
[EventRounds "9"]
[EventCountry "SVK"]
[SourceTitle "EXT 2008"]
[Source "ChessBase"]
[SourceDate "2007.11.25"]
[SourceVersion "1"]
[SourceVersionDate "2007.11.25"]
[SourceQuality "1"]

1. e4 c5 2. Nf3 d6 3. Bc4 Nf6 4. d3 e6 5. Nc3 Be7 6. Bg5 Nc6 7. 0-0 0-0 8. Qd2 a6 9. Rfe1 b5 10. Bb3 Bb7 11. a3 Ng4 12. h3 Nge5 13. Bxe7 Nxf3+ 14. gxf3 Qxe7 15. Kh2 Nd4 16. Qe3 f5 17. f4 Qh4 18. Rg1 fxe4 19. Rg4 Qf6 20. Nxe4 h5 21. Rg3 Qxf4 22. Qxf4 Rxf4 23. f3 Nxf3+ 24. Kh1 c4 25. Ba2 Ne5 26. Rag1 g6 27. b3 Kh7 28. bxc4 bxc4 29. a4 Raf8 30. a5 Rxe4 31. dxe4 Bxe4+ 32. Kh2 Rf2+ 33. R1g2 Rxg2+ 34. Rxg2 Bxg2 35. Kxg2 Kg7 36. Kg3 Kf6 37. Kf4 d5 38. h4 Nc6 39. c3 Nxa5 40. Bb1 Nc6 41. Bc2 Na7 42. Ba4 Nb5 43. Bxb5 axb5 44. Ke3 Ke5 45. Kf3 d4 0-1